Fr. Conceicao Rodrigues College of Engineering

Strategic Decision making in modern manufacturing (Record no. 26022)

MARC details
000 -LEADER
fixed length control field 00406nam a2200169Ia 4500
082 ## - DEWEY DECIMAL CLASSIFICATION NUMBER
Classification number 658.5
Item number JAG
100 ## - MAIN ENTRY--PERSONAL NAME
Personal name Jagdev/Harinder Singh
245 ## - TITLE STATEMENT
Title Strategic Decision making in modern manufacturing
260 ## - PUBLICATION, DISTRIBUTION, ETC.
Name of publisher, distributor, etc. Kluwer Academic Press
Date of publication, distribution, etc. 2004
366 ## - TRADE AVAILABILITY INFORMATION
Publishers's discount category 25
300 ## - PHYSICAL DESCRIPTION
Extent 269
546 ## - LANGUAGE NOTE
Language note ENGLISH
-- Info.Tech
650 ## - SUBJECT ADDED ENTRY--TOPICAL TERM
Topical term or geographic name entry element Decision making
654 ## - SUBJECT ADDED ENTRY--FACETED TOPICAL TERMS
Focus term decision making
942 ## - ADDED ENTRY ELEMENTS (KOHA)
Koha item type Reference Book
Holdings
Withdrawn status Lost status Damaged status Not for loan Collection Home library Current library Date acquired Source of acquisition Cost, normal purchase price Inventory number Total Checkouts Full call number Barcode Date last seen Cost, replacement price Price effective from Koha item type
        CRC Fr. Agnel's C.Rodrigues College of Engineering Fr. Agnel's C.Rodrigues College of Engineering 17/03/2023 Milan books 6406.50 2175 dt 20/08/2010   658.5 JAG 21205 17/03/2023 8542.00   Reference Book